000 00197nam a2200109Ia 4500
100 _aCOLEMAN/SIMON.
942 _cBK
245 _aPILGRIMAGE.
260 _b#N/A
546 _aENGLISH
999 _c27193
_d27193